<?xml version="1.0" encoding="UTF-8"?>
<record
    xmlns:xsi="http://www.w3.org/2001/XMLSchema-instance"
    xsi:schemaLocation="http://www.loc.gov/MARC21/slim http://www.loc.gov/standards/marcxml/schema/MARC21slim.xsd"
    xmlns="http://www.loc.gov/MARC21/slim">

  <leader>02186mam a2200397 a 4500</leader>
  <controlfield tag="001">4068841</controlfield>
  <controlfield tag="003">OSt</controlfield>
  <controlfield tag="005">20150408114045.0</controlfield>
  <controlfield tag="008">120623s2000    stka   |      001 0 eng c</controlfield>
  <datafield tag="010" ind1=" " ind2=" ">
    <subfield code="a">   </subfield>
  </datafield>
  <datafield tag="020" ind1=" " ind2=" ">
    <subfield code="a">9780808923312</subfield>
  </datafield>
  <datafield tag="040" ind1=" " ind2=" ">
    <subfield code="c">MU</subfield>
  </datafield>
  <datafield tag="082" ind1="0" ind2="4">
    <subfield code="a">611.018 Y B W</subfield>
    <subfield code="2">21</subfield>
  </datafield>
  <datafield tag="100" ind1="1" ind2=" ">
    <subfield code="a">Young, Barbara,</subfield>
    <subfield code="c">Ph. D.</subfield>
    <subfield code="9">9356</subfield>
  </datafield>
  <datafield tag="245" ind1="1" ind2="0">
    <subfield code="a">Wheater's functional histology :</subfield>
    <subfield code="b">a text and colour atlas.</subfield>
  </datafield>
  <datafield tag="246" ind1="3" ind2="0">
    <subfield code="a">Functional histology</subfield>
  </datafield>
  <datafield tag="250" ind1=" " ind2=" ">
    <subfield code="a">4th ed. /</subfield>
    <subfield code="b">by Barbara Young, John W. Heath ; with contributions by Alan Stevens, James S. Lowe ; drawings by Philip J. Deakin.</subfield>
  </datafield>
  <datafield tag="260" ind1=" " ind2=" ">
    <subfield code="a">Edinburgh ;</subfield>
    <subfield code="a">New York :</subfield>
    <subfield code="b">Churchill Livingstone,</subfield>
    <subfield code="c">2000.</subfield>
  </datafield>
  <datafield tag="300" ind1=" " ind2=" ">
    <subfield code="a">413 p. :</subfield>
    <subfield code="b">ill. ;</subfield>
    <subfield code="c">30 cm. +</subfield>
    <subfield code="e">1 computer optical disc (4 3/4 in.).</subfield>
  </datafield>
  <datafield tag="500" ind1=" " ind2=" ">
    <subfield code="a">Includes index.</subfield>
  </datafield>
  <datafield tag="505" ind1="0" ind2="0">
    <subfield code="g">pt. 1. The</subfield>
    <subfield code="t">cell --</subfield>
    <subfield code="g">[ch.] 1.</subfield>
    <subfield code="t">Cell structure and function  --</subfield>
    <subfield code="g">[ch.] 2.</subfield>
    <subfield code="t">Cell cycle and replication --</subfield>
    <subfield code="g">pt. 2.</subfield>
    <subfield code="t">Basic tissue types --</subfield>
    <subfield code="g">[ch.] 3.</subfield>
    <subfield code="t">Blood --</subfield>
    <subfield code="g">[ch.] 4.</subfield>
    <subfield code="t">Supporting/connetive tissues --</subfield>
    <subfield code="g">[ch.] 5.</subfield>
    <subfield code="t">Epithelial tissues --</subfield>
    <subfield code="g">[ch.] 6.</subfield>
    <subfield code="t">Muscle --</subfield>
    <subfield code="g">[ch.] 7.</subfield>
    <subfield code="t">Nervous tissues --</subfield>
    <subfield code="g">pt. 3.</subfield>
    <subfield code="t">Organ systems --</subfield>
    <subfield code="g">[ch.] 8.</subfield>
    <subfield code="t">Circulatory system --</subfield>
    <subfield code="g">[ch.] 9/</subfield>
    <subfield code="t">Skin --</subfield>
    <subfield code="g">[ch.] 10.</subfield>
    <subfield code="t">Skeletal tissues --</subfield>
    <subfield code="g">[ch.] 11.</subfield>
    <subfield code="t">Immune system --</subfield>
    <subfield code="g">[ch.] 12.</subfield>
    <subfield code="t">Respiratory system --</subfield>
    <subfield code="g">[ch.] 13.</subfield>
    <subfield code="t">Oral tissues --</subfield>
    <subfield code="g">[ch.] 14.</subfield>
    <subfield code="t">Gastrointestinal tract --</subfield>
    <subfield code="g">[ch.] 15.</subfield>
    <subfield code="t">Liver and pancreas--</subfield>
    <subfield code="g">[ch.] 16.</subfield>
    <subfield code="t">Urinary system --</subfield>
    <subfield code="g">[ch.] 17. The</subfield>
    <subfield code="t">endocrine glands --</subfield>
    <subfield code="g">[ch.] 18.</subfield>
    <subfield code="t">Male reproductive system --</subfield>
    <subfield code="g">[ch.] 19.</subfield>
    <subfield code="t">Female reproductive system --</subfield>
    <subfield code="g">[ch.] 20.</subfield>
    <subfield code="t">Central nervous system --</subfield>
    <subfield code="g">[ch.] 21.</subfield>
    <subfield code="t">Special sense organs --</subfield>
    <subfield code="t">Notes on staining methods.</subfield>
  </datafield>
  <datafield tag="538" ind1=" " ind2=" ">
    <subfield code="a">System requirements for accompanying computer disc: Windows 95 or 98.</subfield>
  </datafield>
  <datafield tag="650" ind1=" " ind2="4">
    <subfield code="a">Histology.</subfield>
  </datafield>
  <datafield tag="650" ind1=" " ind2="4">
    <subfield code="a">Histology</subfield>
    <subfield code="v">Atlases.</subfield>
  </datafield>
  <datafield tag="650" ind1=" " ind2="4">
    <subfield code="a">Histology</subfield>
    <subfield code="v">Atlases.</subfield>
  </datafield>
  <datafield tag="650" ind1=" " ind2="4">
    <subfield code="a">Histologie.</subfield>
    <subfield code="9">15837</subfield>
  </datafield>
  <datafield tag="650" ind1=" " ind2="4">
    <subfield code="a">Histologie</subfield>
    <subfield code="v">Atlas.</subfield>
    <subfield code="9">15838</subfield>
  </datafield>
  <datafield tag="650" ind1=" " ind2="4">
    <subfield code="a">Histologoy.</subfield>
    <subfield code="9">15839</subfield>
  </datafield>
  <datafield tag="700" ind1="1" ind2=" ">
    <subfield code="a">Heath, John W.,</subfield>
    <subfield code="c">Ph. D.</subfield>
    <subfield code="9">15840</subfield>
  </datafield>
  <datafield tag="700" ind1="1" ind2=" ">
    <subfield code="a">Stevens, Alan,</subfield>
    <subfield code="c">MRCPath.</subfield>
    <subfield code="9">15841</subfield>
  </datafield>
  <datafield tag="700" ind1="1" ind2=" ">
    <subfield code="a">Lowe, J. S.</subfield>
    <subfield code="q">(James Steven)</subfield>
    <subfield code="9">15842</subfield>
  </datafield>
  <datafield tag="700" ind1="1" ind2=" ">
    <subfield code="a">Wheater, Paul R.</subfield>
    <subfield code="9">9360</subfield>
  </datafield>
  <datafield tag="700" ind1="1" ind2=" ">
    <subfield code="a">Burkitt, H. George.</subfield>
    <subfield code="t">Wheater's functional histology.</subfield>
    <subfield code="9">15843</subfield>
  </datafield>
  <datafield tag="942" ind1=" " ind2=" ">
    <subfield code="2">ddc</subfield>
    <subfield code="c">DVD</subfield>
  </datafield>
  <datafield tag="999" ind1=" " ind2=" ">
    <subfield code="c">24149</subfield>
    <subfield code="d">258649</subfield>
  </datafield>
  <datafield tag="952" ind1=" " ind2=" ">
    <subfield code="1">0</subfield>
    <subfield code="2">2013-03-10</subfield>
    <subfield code="4">0</subfield>
    <subfield code="7">0</subfield>
    <subfield code="a">611.018 Y B W</subfield>
    <subfield code="c">c.1</subfield>
    <subfield code="d">2012-06-23</subfield>
    <subfield code="h">CL</subfield>
    <subfield code="i">00109810</subfield>
    <subfield code="m">CL</subfield>
    <subfield code="q">2018-10-29</subfield>
    <subfield code="r">2018-11-06 00:00:00</subfield>
    <subfield code="t">BOOK</subfield>
    <subfield code="w">ddc</subfield>
    <subfield code="y">1</subfield>
  </datafield>
  <datafield tag="952" ind1=" " ind2=" ">
    <subfield code="1">0</subfield>
    <subfield code="2">2013-03-10</subfield>
    <subfield code="4">0</subfield>
    <subfield code="7">0</subfield>
    <subfield code="a">611.018 Y B W</subfield>
    <subfield code="c">c.2</subfield>
    <subfield code="d">2012-06-23</subfield>
    <subfield code="h">CL</subfield>
    <subfield code="i">00109811</subfield>
    <subfield code="m">CL</subfield>
    <subfield code="r">2013-03-10 00:00:00</subfield>
    <subfield code="t">BOOK</subfield>
    <subfield code="w">ddc</subfield>
    <subfield code="y">0</subfield>
  </datafield>
  <datafield tag="952" ind1=" " ind2=" ">
    <subfield code="1">0</subfield>
    <subfield code="2">2013-03-10</subfield>
    <subfield code="4">0</subfield>
    <subfield code="7">0</subfield>
    <subfield code="a">611.018 Y B W</subfield>
    <subfield code="c">c.3</subfield>
    <subfield code="d">2012-06-23</subfield>
    <subfield code="h">CL</subfield>
    <subfield code="i">00109812</subfield>
    <subfield code="m">CL</subfield>
    <subfield code="r">2013-03-10 00:00:00</subfield>
    <subfield code="t">BOOK</subfield>
    <subfield code="w">ddc</subfield>
    <subfield code="y">0</subfield>
  </datafield>
</record>
